000 00813nam a2200277 i 4500
001 C2-0095405
003 PPAK
005 20180727093105.0
008 970518s1996 my a|||| ||||| | may d
020 _a9830800091
040 _aPPAK
_beng
_cPPAK
_erda
082 0 4 _a499.23
_223
090 0 0 _a499.23
_bBUN
_dK
245 0 0 _aBunyi dan perbuatan haiwan
264 1 _aKuala lumpur :
_bPustaka Prinsip ,
_c1996
300 _a25 pages :
_billustrations ;
_c20 cm
336 _2rdacontent
_atext
337 _2rdamedia
_aunmediated
338 _2rdacarrier
_avolume
490 1 _aSiri pengukuhan dan pengayaan bahasa
500 _aBuku 1, Tahap 1 ; Peringkat 1
650 1 0 _aBahasa Melayu - Readers
700 0 _aRosli Nik Mat,
_ecompile
830 0 _aSiri pengukuhan dan pengayaan bahasa
942 _ddc
_cB
999 _c20179
_d20179